| 000 | 00497nam a22001577a 4500 | ||
|---|---|---|---|
| 005 | 20260328135524.0 | ||
| 008 | 250408b |||||||| |||| 00| 0 eng d | ||
| 080 |
_a27(540.69)=M _bJOS/V |
||
| 100 | _aJoseph Manishad Mattackal | ||
| 245 | _aVarapuzha ente athiroopatha(വരാപ്പുഴ എൻെറ അതിരൂപത) | ||
| 250 | _a2nd | ||
| 260 |
_aKongorpilly. _bPrint House. _c2024. |
||
| 300 | _axvi,288p. | ||
| 653 | _aHistory -Archdiocese Varapuzha-Christianity | ||
| 942 | _cOO | ||
| 999 |
_c114962 _d114961 |
||